| 000 | 00512nam a22001817a 4500 | ||
|---|---|---|---|
| 003 | CEME | ||
| 005 | 20210628203006.0 | ||
| 008 | 210216b xxu||||| |||| 00| 0 eng d | ||
| 020 | _a0-521-59827-3 | ||
| 040 | _c. | ||
| 082 | _a510 CAN | ||
| 100 |
_aCantrell, C.D _962767 |
||
| 245 | _aModern mathematical methods for physicists and engineers | ||
| 260 |
_aUSA _bCAMBRIDGE UNIVERSITY PRESS _c2000 |
||
| 300 | _aXX,761P | ||
| 650 |
_aMATHEMATICAL METHODS FOR ENGINEERS; MATHEMATICS _962768 |
||
| 942 |
_cBK _2ddc |
||
| 999 |
_c571769 _d571769 |
||